Antenna Theory : (Record no. 12873)

MARC details
000 -LEADER
fixed length control field 02354cac a22003251u 4500
008 - FIXED-LENGTH DATA ELEMENTS--GENERAL INFORMATION
fixed length control field 091105t2005 xxu||||| |||| 00| 0 eng d
010 ## - LIBRARY OF CONGRESS CONTROL NUMBER
LC control number 96012134
020 ## - INTERNATIONAL STANDARD BOOK NUMBER
International Standard Book Number 047166782X
020 ## - INTERNATIONAL STANDARD BOOK NUMBER
International Standard Book Number 9780471667827
082 00 - DEWEY DECIMAL CLASSIFICATION NUMBER
Classification number 621.3824
Edition number 22
Item number BAL
100 ## - MAIN ENTRY--PERSONAL NAME
Personal name Balanis, Constantine A
9 (RLIN) 9195
245 10 - TITLE STATEMENT
Title Antenna Theory :
Remainder of title Analysis and Design /
Statement of responsibility, etc Constantine A. Balanis.
250 ## - EDITION STATEMENT
Edition statement 3rd ed.
260 ## - PUBLICATION, DISTRIBUTION, ETC. (IMPRINT)
Place of publication, distribution, etc New York :
Name of publisher, distributor, etc Wiley,
Date of publication, distribution, etc c2005.
300 ## - PHYSICAL DESCRIPTION
Extent xvii,1117p. :
Other physical details ill. ;
Dimensions 26 cm. +
Accompanying material 1 CD-ROM (4 3/4 in.)
504 ## - BIBLIOGRAPHY, ETC. NOTE
Bibliography, etc Includes bibliographical references and index.
650 #0 - SUBJECT ADDED ENTRY--TOPICAL TERM
Topical term or geographic name as entry element Antennas (Electronics)
9 (RLIN) 9196
856 42 - ELECTRONIC LOCATION AND ACCESS
Materials specified Publisher description
Uniform Resource Identifier <a href="http://www.loc.gov/catdir/description/wiley037/96012134.html">http://www.loc.gov/catdir/description/wiley037/96012134.html</a>
856 42 - ELECTRONIC LOCATION AND ACCESS
Materials specified Table of Contents only
Uniform Resource Identifier <a href="http://www.loc.gov/catdir/toc/onix03/96012134.html">http://www.loc.gov/catdir/toc/onix03/96012134.html</a>
856 42 - ELECTRONIC LOCATION AND ACCESS
Materials specified Contributor biographical information
Uniform Resource Identifier <a href="http://www.loc.gov/catdir/enhancements/fy0607/96012134-b.html">http://www.loc.gov/catdir/enhancements/fy0607/96012134-b.html</a>
942 ## - ADDED ENTRY ELEMENTS (KOHA)
Item type Book - Borrowing
Source of classification or shelving scheme Dewey Decimal Classification
Holdings
Withdrawn status Item status Source of classification or shelving scheme Damaged status Not for loan Vendor Home library Current library Shelving location Date acquired Source of acquisition Total Checkouts Total Renewals Full call number Barcode Date last seen Date last borrowed Koha item type Materials specified (bound volume or other part)
    Dewey Decimal Classification     Baccah Central Library Central Library First floor 05/11/2009   8 56 621.3824 BAL 000018813 15/07/2025 25/10/2017 Book - Borrowing  
    Dewey Decimal Classification     Baccah Central Library Central Library First floor 05/11/2009   12 93 621.3824 BAL 000018814 15/07/2025 24/09/2018 Book - Borrowing  
    Dewey Decimal Classification     Baccah Central Library Central Library First floor 05/11/2009       621.3824 BAL 000018812 15/07/2025   NB - Book (Non borrowing)  
    Dewey Decimal Classification     Baccah Central Library Central Library First floor 05/11/2009   1   621.3824 BAL 000022494 24/08/2022 04/10/2010 CD | DVD - With book (NB)  
  Lost Dewey Decimal Classification     Baccah Central Library Central Library First floor 05/11/2009   1 10 621.3824 BAL 000018809 23/02/2014 18/11/2013 CD | DVD - With book Lost In Inventory_2015-8-23
    Dewey Decimal Classification     Baccah Central Library Central Library First floor 05/11/2009   1 3 621.3824 BAL 000022547 24/08/2022 04/10/2010 CD | DVD - With book  
    Dewey Decimal Classification     Baccah Central Library Central Library First floor 26/09/2010   12 142 621.3824 BAL 000021872 15/07/2025 04/11/2019 Book - Borrowing  
  Lost Dewey Decimal Classification     Baccah Central Library Central Library First floor 26/09/2010   1 7 621.3824 BAL 000022493 21/12/2017 26/10/2017 CD | DVD - With book Lost In Inventory_2018-08-12